[Event "11. Senioren Team Europameiste"]
[Site "Velden - Casino"]
[Date "2009.04.08"]
[Round "4"]
[Board "2"]
[White "Johanssen, Tom J"]
[Black "Gallob, Josef"]
[Result "1-0"]
[WhiteElo "1891"]
[BlackElo "1938"]
[PlyCount "67"]
[EventDate "2009.04.05"]
[EventType "team"]
[EventRounds "9"]
[EventCountry "AUT"]
[WhiteTeam "Norwegen 4"]
[BlackTeam "ASKOE Finkenstein 1"]

1.e4 c5 2.Nf3 d6 3.d4 cxd4 4.Nxd4 Nf6 5.Nc3 a6 6.h3 e6 7.Be2 Be7 8.O-O Bd7 9.Be3
O-O 10.f4 Nc6 11.Bf3 Qc7 12.Nce2 e5 13.Nxc6 Bxc6 14.Nc3 Rac8 15.Rc1 b5 16.a3 Qb7
17.Nd5 Bxd5 18.exd5 e4 19.Bg4 Rc7 20.Qd2 Nxd5 21.Bd4 f5 22.Be2 Nf6 23.c4 bxc4
24.Bxc4+ Rxc4 25.Rxc4 d5 26.Rc2 Bd8 27.Rfc1 Bb6 28.Qe3 Bxd4 29.Qxd4 Rb8 30.b4
Qb6 31.Rc5 Qe6 32.Rc6 Qe7 33.Rc7 Qe8 34.Qa7

[Event "11. Senioren Team Europameiste"]
[Site "Velden - Casino"]
[Date "2009.04.08"]
[Round "4"]
[Board "3"]
[White "Melcher, Jakob"]
[Black "Nilsen, Kai"]
[Result "1-0"]
[WhiteElo "1898"]
[BlackElo "1877"]
[PlyCount "35"]
[EventDate "2009.04.05"]
[EventType "team"]
[EventRounds "9"]
[EventCountry "AUT"]
[WhiteTeam "ASKOE Finkenstein 1"]
[BlackTeam "Norwegen 4"]

{Nicht leserlich}  1.e4 e5 2.Nf3 Nc6 3.d4 exd4 4.Nxd4 Qf6 5.Nxc6 Qxc6 6.Bd3 Nf6
7.O-O Be7 8.Nc3 O-O 9.e5 Ne8 10.Nd5 Bd8 11.Be4 Qe6 12.Re1 d6 13.exd6 Qxd6 14.Bf4
Qd7 15.Re3 f5 16.Bd3 Bf6 17.Bxf5 g5 18.Be5

[Event "11. Senioren Team Europameiste"]
[Site "Velden - Casino"]
[Date "2009.04.08"]
[Round "4"]
[Board "2"]
[White "Ohrn, Stellan"]
[Black "Fernengel, Rudolf"]
[Result "1-0"]
[WhiteElo "2008"]
[BlackElo "1736"]
[PlyCount "75"]
[EventDate "2009.04.05"]
[EventType "team"]
[EventRounds "9"]
[EventCountry "AUT"]
[WhiteTeam "Schweden III"]
[BlackTeam "Stiftung Bahn-Sozialwerk/DBAG II"]

1.c4 d6 2.Nc3 e5 3.g3 c6 4.Bg2 Nf6 5.d4 Be7 6.dxe5 dxe5 7.Qxd8+ Bxd8 8.Nf3 Bc7
9.O-O h6 10.b3 O-O 11.Ba3 Re8 12.Nd2 Nbd7 13.Rfd1 Nf8 14.Nde4 Nxe4 15.Nxe4 Ne6
16.Nd6 Rd8 17.e3 Bxd6 18.Bxd6 f6 19.Rd2 Nf8 20.Rad1 Be6 21.Ba3 Rxd2 22.Rxd2 Kf7
23.f4 exf4 24.exf4 Bf5 25.Bf3 Re8 26.Kf2 Bc8 27.Bc5 a6 28.Bb4 f5 29.Bh5+ g6
30.Bf3 Ne6 31.Ba3 Rd8 32.Rxd8 Nxd8 33.Ke3 h5 34.Kd4 Ne6+ 35.Ke5 Bd7 36.Bg2 Kg7
37.Kd6 Kf7 38.Kxd7

[Event "11. Senioren Team Europameiste"]
[Site "Velden - Casino"]
[Date "2009.04.08"]
[Round "4"]
[Board "3"]
[White "Kalmutzki, Manfred"]
[Black "Nystrom, Ragnar"]
[Result "1/2-1/2"]
[WhiteElo "1975"]
[BlackElo "1971"]
[PlyCount "21"]
[EventDate "2009.04.05"]
[EventType "team"]
[EventRounds "9"]
[EventCountry "AUT"]
[WhiteTeam "Stiftung Bahn-Sozialwerk/DBAG II"]
[BlackTeam "Schweden III"]

1.d4 Nf6 2.e3 d5 3.f4 Bf5 4.Bd3 Bxd3 5.Qxd3 Qc8 6.Nf3 e6 7.Nbd2 Be7 8.O-O O-O
9.Ne5 c5 10.c3 Nc6 11.Ndf3

[Event "11. Senioren Team Europameiste"]
[Site "Velden - Casino"]
[Date "2009.04.08"]
[Round "4"]
[Board "1"]
[White "Birkestrand, Odd"]
[Black "Mujunen, Martti"]
[Result "0-1"]
[WhiteElo "1859"]
[BlackElo "2155"]
[PlyCount "52"]
[EventDate "2009.04.05"]
[EventType "team"]
[EventRounds "9"]
[EventCountry "AUT"]
[WhiteTeam "Norwegen 3"]
[BlackTeam "Helsinki 2"]

1.e4 e5 2.Nf3 Nc6 3.Bc4 Nf6 4.Ng5 d5 5.exd5 Nd4 6.c3 b5 7.Bf1 Nxd5 8.Nxf7 Kxf7
9.cxd4 Nf4 10.dxe5 Qd4 11.Qb3+ Be6 12.Qe3 Bc5 13.Qxd4 Bxd4 14.g3 Bd5 15.Rg1 Ng6
16.Bg2 Bxg2 17.Rxg2 Nxe5 18.Nc3 c6 19.Rb1 Rae8 20.Kf1 Nf3 21.Ne2 Re6 22.g4 Rhe8
23.d3 Rxe2 24.Be3 Rxb2 25.Rxb2 Bxb2 26.Ke2 Nd4+

[Event "11. Senioren Team Europameiste"]
[Site "Velden - Casino"]
[Date "2009.04.08"]
[Round "4"]
[Board "2"]
[White "Lyly, Seppo"]
[Black "Wicklund-Hansen, Richard"]
[Result "1/2-1/2"]
[WhiteElo "2013"]
[BlackElo "1840"]
[PlyCount "50"]
[EventDate "2009.04.05"]
[EventType "team"]
[EventRounds "9"]
[EventCountry "AUT"]
[WhiteTeam "Helsinki 2"]
[BlackTeam "Norwegen 3"]

1.e4 e5 2.Nf3 Nc6 3.Bb5 a6 4.Ba4 Nf6 5.d3 d6 6.c3 h6 7.O-O Bg4 8.Re1 Be7 9.Nbd2
O-O 10.Nf1 b5 11.Bb3 Na5 12.Bc2 c5 13.Ne3 Be6 14.d4 cxd4 15.cxd4 Qc7 16.Bd2 Ng4
17.Rc1 Nxe3 18.Bxe3 Nc4 19.Bb1 Qb8 20.b3 Nxe3 21.Rxe3 exd4 22.Qxd4 Bf6 23.Qd3
Rc8 24.Ree1 Rxc1 25.Rxc1 g6

[Event "11. Senioren Team Europameiste"]
[Site "Velden - Casino"]
[Date "2009.04.08"]
[Round "4"]
[Board "3"]
[White "Bue, Gunnar"]
[Black "Koskinen, Veikko"]
[Result "0-1"]
[WhiteElo "1817"]
[BlackElo "1999"]
[PlyCount "48"]
[EventDate "2009.04.05"]
[EventType "team"]
[EventRounds "9"]
[EventCountry "AUT"]
[WhiteTeam "Norwegen 3"]
[BlackTeam "Helsinki 2"]

1.d4 f5 2.c4 Nf6 3.Nf3 g6 4.e3 Bg7 5.Be2 O-O 6.Nc3 d6 7.O-O Nc6 8.b3 e5 9.d5 Ne7
10.Bb2 h6 11.b4 g5 12.Nd2 g4 13.f3 h5 14.e4 f4 15.Qe1 Ng6 16.Nd1 Nh7 17.fxg4
hxg4 18.Nf2 Qg5 19.Bc1 Nf6 20.Kh1 Kf7 21.Rg1 Rh8 22.h3 Qh4 23.Nd3 Qh7 24.Rf1 g3

[Event "11. Senioren Team Europameiste"]
[Site "Velden - Casino"]
[Date "2009.04.08"]
[Round "4"]
[Board "4"]
[White "Laitinen, Martti"]
[Black "Ludvigsen, Jan"]
[Result "1-0"]
[WhiteElo "1855"]
[BlackElo "1785"]
[PlyCount "79"]
[EventDate "2009.04.05"]
[EventType "team"]
[EventRounds "9"]
[EventCountry "AUT"]
[WhiteTeam "Helsinki 2"]
[BlackTeam "Norwegen 3"]

1.d4 d5 2.c4 c6 3.Nf3 e6 4.cxd5 exd5 5.Nc3 Nf6 6.Bg5 Be7 7.Qc2 Nbd7 8.e3 O-O
9.Bd3 Re8 10.O-O Nf8 11.Ne5 N6d7 12.Bxe7 Qxe7 13.Nf3 Nf6 14.h3 Ne4 15.Rac1 Bd7
16.Ne5 Nd6 17.e4 dxe4 18.Nxe4 Nxe4 19.Bxe4 Be6 20.f4 f6 21.Nc4 Red8 22.Rfe1 Qf7
23.b3 a5 24.Nb6 Ra6 25.Na4 Bd5 26.Nc5 Ra7 27.f5 b5 28.Bxd5 Qxd5 29.Qe4 Qxe4
30.Rxe4 Kf7 31.Rc2 Rd5 32.g4 Nd7 33.Ne6 b4 34.Rce2 h6 35.Nf4 Rd6 36.Re7+ Kg8
37.Re8+ Nf8 38.Ng6 Rf7 39.Ra8 Rxd4 40.Ree8

[Event "11. Senioren Team Europameiste"]
[Site "Velden - Casino"]
[Date "2009.04.08"]
[Round "4"]
[Board "1"]
[White "Hennings, Margit"]
[Black "Groiss, Karl"]
[Result "0-1"]
[WhiteElo "2008"]
[BlackElo "2058"]
[PlyCount "80"]
[EventDate "2009.04.05"]
[EventType "team"]
[EventRounds "9"]
[EventCountry "AUT"]
[WhiteTeam "Kaernten Damen"]
[BlackTeam "SK Volksbank Lienz"]

1.e4 c5 2.Nf3 e6 3.d4 cxd4 4.Nxd4 a6 5.Bc4 Qc7 6.Bb3 Nf6 7.Nc3 Bb4 8.Qd3 Bxc3+
9.bxc3 Nxe4 10.Bb2 d5 11.O-O Nc5 12.Qe3 Nxb3 13.cxb3 O-O 14.Rfe1 Nd7 15.Rac1 Nf6
16.h3 b5 17.c4 bxc4 18.bxc4 dxc4 19.Nf3 Nd5 20.Qd4 f6 21.Rxc4 Qb6 22.Qd2 Bb7
23.Bd4 Qb5 24.Rc5 Qd7 25.Rb1 Rac8 26.Qb2 Bc6 27.Qc2 Bb5 28.Rc1 Rxc5 29.Qxc5 Nf4
30.Rd1 e5 31.Nxe5 fxe5 32.Qxe5 Ne2+ 33.Kh2 Nxd4 34.Rxd4 Qf7 35.f3 Qxa2 36.Rg4
Qf7 37.h4 Re8 38.Qd4 Qc7+ 39.g3 Qc2+ 40.Kh3 Bf1#

[Event "11. Senioren Team Europameiste"]
[Site "Velden - Casino"]
[Date "2009.04.08"]
[Round "4"]
[Board "2"]
[White "Bodner, Alfred"]
[Black "Kopinits, Silvia"]
[Result "1-0"]
[WhiteElo "2023"]
[BlackElo "1717"]
[PlyCount "51"]
[EventDate "2009.04.05"]
[EventType "team"]
[EventRounds "9"]
[EventCountry "AUT"]
[WhiteTeam "SK Volksbank Lienz"]
[BlackTeam "Kaernten Damen"]

1.Nf3 d5 2.d4 c6 3.Bf4 Bf5 4.Nbd2 Nf6 5.h3 e6 6.Ne5 Nbd7 7.g4 Bg6 8.Ndf3 Be4
9.Rg1 Bxf3 10.exf3 Nxe5 11.dxe5 Nd7 12.Bg3 Bc5 13.c3 a6 14.Qd2 h6 15.f4 Qe7
16.Bd3 Ba7 17.O-O-O Nc5 18.Rge1 O-O-O 19.Qe2 Nxd3+ 20.Rxd3 Rd7 21.Kb1 Kb8 22.f5
Ka8 23.f6 gxf6 24.exf6 Qxf6 25.Be5 Qxf2 26.Bxh8

[Event "11. Senioren Team Europameiste"]
[Site "Velden - Casino"]
[Date "2009.04.08"]
[Round "4"]
[Board "3"]
[White "Leitner, Renate"]
[Black "Brandstaetter, Walter"]
[Result "0-1"]
[WhiteElo "1635"]
[BlackElo "1988"]
[PlyCount "87"]
[EventDate "2009.04.05"]
[EventType "team"]
[EventRounds "9"]
[EventCountry "AUT"]
[WhiteTeam "Kaernten Damen"]
[BlackTeam "SK Volksbank Lienz"]

1.d4 d5 2.c4 dxc4 3.Nc3 Nf6 4.e4 Bg4 5.Nf3 e6 6.a3 Nc6 7.Be3 Bxf3 8.gxf3 g6
9.Bxc4 Bg7 10.Bb5 O-O 11.Bxc6 bxc6 12.Qa4 Qb8 13.b4 a5 14.O-O axb4 15.Qxb4 Qb6
16.Qc4 Qa6 17.Qa2 Nd7 18.Qd2 Rfd8 19.Qc2 Qc4 20.Rfc1 c5 21.dxc5 Nxc5 22.Bxc5
Qxc5 23.a4 Qg5+ 24.Kh1 Rd2 25.Rg1 Rxc2 26.Rxg5 Rxc3 27.f4 Rf3 28.Ra2 Rxf4 29.Rc5
Rxe4 30.Rxc7 Rexa4 31.Rxa4 Rxa4 32.Rc8+ Bf8 33.Kg2 Kg7 34.Rc2 h5 35.h3 g5 36.f3
Kg6 37.Kg3 Bd6+ 38.Kg2 Rd4 39.Ra2 Bf4 40.Rc2 Rd2+ 41.Rxd2 Bxd2 42.Kg3 f5 43.Kf2
g4 44.h4